|
|
|
|
| LEADER |
00000nam0a2200000 4500 |
| 001 |
108335 |
| 005 |
20231101214806.0 |
| 010 |
|
|
|a 9812387110
|
| 035 |
|
|
|a (RuTPU)RU\TPU\book\116957
|
| 090 |
|
|
|a 108335
|
| 100 |
|
|
|a 20070118d2005 k y0engy50 ba
|
| 101 |
0 |
|
|a eng
|
| 102 |
|
|
|a US
|
| 105 |
|
|
|a a z 001zy
|
| 200 |
1 |
|
|a Introduction to Condensed Matter Physics
|v Vol. 1
|f F. Duan, J. Cuojun
|
| 210 |
|
|
|a New Jersey
|c World Scientific
|d 2005
|
| 215 |
|
|
|a 591 p.
|c il.
|
| 320 |
|
|
|a Index: p. 564-591.
|
| 606 |
1 |
|
|a Конденсированного состояния теория
|2 stltpush
|3 (RuTPU)RU\TPU\subj\66345
|9 82523
|
| 610 |
1 |
|
|a физика
|
| 610 |
1 |
|
|a вещество
|
| 610 |
1 |
|
|a материя
|
| 610 |
1 |
|
|a конденсация
|
| 610 |
1 |
|
|a конденсированные состояния
|
| 610 |
1 |
|
|a конденсированные системы
|
| 610 |
1 |
|
|a английский язык
|
| 675 |
|
|
|a 538.9
|v 3
|
| 700 |
|
1 |
|a Duan
|b F.
|g Feng
|
| 701 |
|
1 |
|a Cuojun
|b J.
|g Jin
|
| 801 |
|
1 |
|a RU
|b 63413507
|c 20070118
|g PSBO
|
| 801 |
|
2 |
|a RU
|b 63413507
|c 20150306
|g PSBO
|
| 942 |
|
|
|c BK
|
| 959 |
|
|
|a 2/20070117
|d 1
|e 0
|f ЧЗИЛ:1
|